<?xml version="1.0" encoding="UTF-8"?>
<collection xmlns="http://www.loc.gov/MARC21/slim">
 <record>
  <leader>00352pamaa2200133   4500</leader>
  <controlfield tag="001">0000014217</controlfield>
  <controlfield tag="005">20110624090000.0</controlfield>
  <datafield tag="082" ind1=" " ind2=" ">
   <subfield code="a">170 MAC</subfield>
  </datafield>
  <datafield tag="090" ind1="0" ind2="0">
   <subfield code="a">BJ71 </subfield>
   <subfield code="b">MAC 1966</subfield>
  </datafield>
  <datafield tag="100" ind1="1" ind2="0">
   <subfield code="a">MACINTYRE </subfield>
  </datafield>
  <datafield tag="245" ind1="1" ind2="2">
   <subfield code="a">A Short history of ethics  </subfield>
   <subfield code="c">Alansdair Macintyre.</subfield>
  </datafield>
  <datafield tag="260" ind1="0" ind2="0">
   <subfield code="a">London: </subfield>
   <subfield code="b">Routledge &amp; Kegan Paul, </subfield>
   <subfield code="c">[?].</subfield>
  </datafield>
  <datafield tag="300" ind1=" " ind2=" ">
   <subfield code="a">280p.: </subfield>
   <subfield code="b">26cm.</subfield>
  </datafield>
  <datafield tag="650" ind1="0" ind2="0">
   <subfield code="a">Ethics -- </subfield>
   <subfield code="x">History </subfield>
  </datafield>
 </record>
</collection>
